[Event "DEN-ch cand"]
[Site "Helsingor"]
[Date "2012.04.07"]
[Round "5"]
[White "Jensen, Bjarke"]
[Black "Matthiesen, Martin"]
[Result "0-1"]
[WhiteElo "2285"]
[BlackElo "2291"]
[PlyCount "64"]
[EventDate "2012.04.03"]
[EventType "swiss"]
[EventRounds "7"]
[EventCountry "DEN"]
[SourceTitle "EXT 2018"]
[Source "ChessBase"]
[SourceDate "2017.10.13"]
[SourceVersion "1"]
[SourceVersionDate "2017.10.13"]
[SourceQuality "1"]

1. e4 c5 2. Nf3 d6 3. d4 cxd4 4. Nxd4 Nf6 5. Nc3 a6 6. Be3 e5 7. Nb3 Be6 8. f3 Be7 9. Qd2 0-0 10. g4 d5 11. g5 d4 12. gxf6 Bxf6 13. Bf2 Bg5 14. Qd3 dxc3 15. Qxc3 Nc6 16. Bd3 Rc8 17. Ke2 Nd4+ 18. Bxd4 Rxc3 19. Bxc3 Qb6 20. Bd2 Bxd2 21. Nxd2 Qxb2 22. Rab1 Qxa2 23. Rxb7 Ra8 24. Nb3 Qa3 25. Ra1 Qd6 26. Ra5 h5 27. Nc5 Bc8 28. Rb1 Qg6 29. Kf2 Bh3 30. Rb7 Qg2+ 31. Ke3 Qg1+ 32. Kd2 Qf2+ 0-1